South Eastern Kenya University

Library Online Public Access Catalogue


The Biosynthesis of Natural Products (Record no. 3341)

MARC details
000 -LEADER
fixed length control field 00256nam a22001097a 4500
050 ## - LIBRARY OF CONGRESS CALL NUMBER
Classification Number QD244
Item Number .B83 C.2
100 ## - MAIN ENTRY--Author
Personal name Bulock D. John
245 ## - TITLE
Title The Biosynthesis of Natural Products
260 ## - PUBLICATION, DISTRIBUTION, ETC.(IMPRINT)
Place of publication, distribution, etc London
Name of publisher, distributor, etc McGraw- Hill
Date of publication, distribution, etc 1965
300 ## - PHYSICAL DESCRIPTION
Extent x,149p.
942 ## - ADDED ENTRY ELEMENTS(KOHA)
Koha item type General circulation
Holdings
Source of classification or shelving scheme Not for loan Location (home branch) Sublocation (holding branch) Date accessioned Cost, normal purchase price Full call number Barcode Cost, replacement price Koha item type Public note
Library of Congress Classification   Main Campus Library Main Campus Library 11/09/2014 329.73 QD244 .B83 C.2 2019/022749 829.73 General circulation kim
Kitui, Kenya.
+254736116989
library@seku.ac.ke